书目信息 |
| 题名: |
工商行政管理执法办案必读
|
|
| 作者: | 王晓林 著 | |
| 分册: | ||
| 出版信息: | 北京 工商出版社 2000.10 |
|
| 页数: | 250页 | |
| 开本: | 20cm | |
| 丛书名: | 工商行政管理人员必读丛书 | |
| 单 册: | ||
| 中图分类: | F203.9 | |
| 科图分类: | ||
| 主题词: | 工商行政管理--行政执法--基本知识--中国 | |
| 电子资源: | ||
| ISBN: | 7-80012-565-3 | |
| 000 | 00883nam 2200265 450 | |
| 001 | 0104000024 | |
| 005 | 20051124115123.1 | |
| 010 | @a7-80012-565-3@dCNY18.00 | |
| 100 | @a20081125d2000 ekmy0chiy0120 ea | |
| 101 | 0 | @achi |
| 102 | @aCN@b110000 | |
| 105 | @ay nn 000yy | |
| 106 | @ar | |
| 200 | 1 | @a工商行政管理执法办案必读@AGong Shang Xing Zheng Guan Li Zhi Fa Ban An Bi Dou@f王晓林著@FWang Xiao Lin Zhu |
| 210 | @a北京@c工商出版社@d2000.10 | |
| 215 | @a250页@d20cm | |
| 225 | 2 | @a工商行政管理人员必读丛书 |
| 330 | @a本书结合办案的实践经验论述了工商行政管理执法办案各程序环节应注意的问题和适用法律、操作技术等。 | |
| 410 | 0 | @12001 @a工商行政管理人员必读丛书 |
| 606 | 0 | @a工商行政管理@x行政执法@x基本知识@y中国 |
| 690 | @aF203.9@v4 | |
| 701 | 0 | @a王晓林@AWang Xiao Lin@4著 |
| 801 | 0 | @aCN@bHTDF@c20081125 |
| 905 | @aBZT@dF203.9@e14@f10 | |
| 906 | @dCNY18.00@n0@r1 | |
| 工商行政管理执法办案必读/王晓林著.-北京:工商出版社,2000.10 |
| 250页;20cm.-(工商行政管理人员必读丛书) |
| ISBN 7-80012-565-3:CNY18.00 |
| 本书结合办案的实践经验论述了工商行政管理执法办案各程序环节应注意的问题和适用法律、操作技术等。 |
| ● |
| 相关链接 |
|
|
|
正题名:工商行政管理执法办案必读
索取号:F203.9/14
 
预约/预借
| 序号 | 登录号 | 条形码 | 馆藏地/架位号 | 状态 | 备注 |
| 1 | 723642 | 2000723642 | 中心书库北库/ 北库007架B面5列4层37/ [索取号:F203.9/14] | 在馆 | |
| 2 | 723643 | 2000723643 | 中心书库北库/ 北库007架B面5列4层35/ [索取号:F203.9/14] | 在馆 | |
| 3 | 723644 | 2000723644 | 中心书库北库/ 北库007架B面5列4层36/ [索取号:F203.9/14] | 在馆 | |
| 4 | 723645 | 2000723645 | 中心书库北库/ 北库007架B面5列4层38/ [索取号:F203.9/14] | 在馆 | |
| 5 | 723646 | 2000723646 | 中心书库北库/ 北库007架B面5列4层39/ [索取号:F203.9/14] | 在馆 | |
| 6 | 723647 | 2000723647 | 中心书库北库/ 北库007架B面5列4层40/ [索取号:F203.9/14] | 在馆 | |
| 7 | 723648 | 2000723648 | 中心书库北库/ 北库007架B面5列4层41/ [索取号:F203.9/14] | 在馆 | |
| 8 | 723649 | 2000723649 | 中心书库北库/ 北库007架B面5列4层34/ [索取号:F203.9/14] | 在馆 | |
| 9 | 723650 | 2000723650 | 中心书库北库/ 北库007架B面5列4层33/ [索取号:F203.9/14] | 在馆 | |
| 10 | 723651 | 2000723651 | 中心书库北库/ 北库007架B面5列4层32/ [索取号:F203.9/14] | 在馆 |